Responses for show #7041 - Monday, April 6, 2015

Kerry Greene game 4.

Contestants

Eric Simmonds, an executive assistant from Los Angeles, California

Brian Carrick, a restaurant owner from Portland, Oregon

Kerry Greene, a volunteer guardian ad litem from Manchester, New Hampshire (whose 3-day cash winnings total $66,000)

Jeopardy! Round responses

DOUBLE A
THE PRESIDENT'S PLEASURE
SUPPORTING THE TV SHOW
(Alex: You have to identify the TV show; we'll give you some of the supporting characters in those shows.)
AROUND THE WORLD
FACTA MORGANA
YOU MAY BE A WALNUT...
    $200 7
1.5

Kerry
    $200 11
Clinton

Kerry
    $200 1
Mad Men

Eric
    $200 16
the Baltic

Kerry
    $200 25
(Nelson) Mandela

Eric
    $200 21
(Alex: It's [*]. Don't overcomplicate things in the first block.)

the kernel

Triple Stumper
    $400 6
rainfall

Eric
    $400 12
FDR

Eric
    $400 2
30 Rock

Brian
    $400 17
Denmark

Brian
    $400 24
the Indian Ocean

Eric
    $400 22
(Kerry: What is pecan?)

maple

KerryBrian
    $600 8
(Eric: What is anti-aircraft?)

air-to-air

Eric
Triple Stumper
    $600 13
Thomas Jefferson

Eric
    $600 3
Girls

Brian
    $600 20
Cairo

Kerry
    $600 26
Morgan Fairchild

Brian
    $600 23
(Alex: [*] What must it taste like? Ah.)

mortar

Triple Stumper
    $800 9
alive and kicking

Triple Stumper
    $800 14
(Calvin) Coolidge

Eric
    $800 4
Cougar Town

Brian
    $800 19
Luxembourg

Eric
    $800 27
the University of West Virginia

Eric
    $800 29
(Eric: Who is the Little Mermaid?)

Thumbelina

KerryEric
    $1000 10
the Amateur Athletic Union

Eric
    $2,800 15
Eisenhower

Eric
    $1000 5
Justified

Triple Stumper
    $1000 18
Greek & Turkish

Eric
    $1000 28
Morgan le Fay

Eric
    $1000 30
an amino acid

Kerry

Scores at the first commercial break (after clue 15):

Kerry Brian Eric
$400 $1,800 $5,600

Scores at the end of the Jeopardy! Round:

Kerry Brian Eric
$2,600 $3,200 $9,000

Double Jeopardy! Round responses

WHAT MEN WANT
5-LETTER CAPITAL CITIES
FOREIGN WORDS & PHRASES
SCIENCE "N" MEDICINE
POETS' MONIKERS
THEY PLAYED COACHELLA
    $400 11
(Brian: What is a good woman?)

a wife

KerryBrian
    $400 7
Seoul

Brian
    $400 16
Blitzkrieg

Kerry
    $400 1
nitroglycerin

Eric
    $400 30
T.S. Eliot

Brian
    $400 24
Morrissey

Kerry
    $800 12
(Mick) Jagger & (Keith) Richards

Eric
    $800 5
Minsk

Kerry
    $800 17
la dolce vita

Kerry
    $800 2
neonatology

Kerry
    $800 26
Robert Frost

Eric
    $800 23
Tupac

Kerry
    $1200 13
(Gustave) Flaubert

Kerry
    $5,200 8
Quito

Brian
    $1200 18
kiddush

Triple Stumper
    $1200 3
neutralize

Kerry
    $3,000 27
(Eric: Uh... who is Robert Browning?)
(Alex: No, he's the one who used the term to refer to his beloved [*]. He called her "My Little Portuguese".)

Elizabeth Barrett Browning

Eric
    $1200 22
the Stooges

Eric
    $1600 14
(Kerry: Who is Rockne?)

(Vince) Lombardi

KerryEric
    $1600 9
Sofia

Brian
    $1600 19
feng shui

Brian
    $1600 4
nickel

Brian
    $1600 28
Carl Sandburg

Brian
    $1600 20
Gorillaz

Brian
    $2000 15
Tarzan

Triple Stumper
    $2000 10
Dakar

Eric
    $2000 25
a coup de grĂ¢ce

Brian
    $2000 6
nephrons

Kerry
    $2000 29
(Rabbie) Burns

Kerry
    $2000 21
Skrillex

Eric

Scores at the end of the Double Jeopardy! Round:

Kerry Brian Eric
$11,800 $18,800 $14,800

[wagering suggestions for these scores]

Final Jeopardy! Round responses

NYC LANDMARKS
KerryWhat is the Chrysler Building?
$11,800
EricWhat is Penn Station?
$8,801
BrianWhat is Grand Central Station?
$12,200
the Chrysler Building

Final scores:

Kerry Brian Eric
$23,600 $6,600 $5,999
4-day champion: $89,600 2nd place: $2,000 3rd place: $1,000

Game dynamics:

Coryat scores:

Kerry Brian Eric
$11,800 $14,800 $16,000
17 R,
2 W
15 R
(including 1 DD),
1 W
20 R
(including 1 DD),
3 W
(including 1 DD)

Combined Coryat: $42,600

The J! Archive is created by fans, for fans. The Jeopardy! game show and all elements thereof, including but not limited to copyright and trademark thereto, are the property of Jeopardy Productions, Inc. and are protected under law. This website is not affiliated with, sponsored by, or operated by Jeopardy Productions, Inc. Join the discussion at JBoard.tv.